[Event "Canadian op"]
[Site "Calgary"]
[Date "2023.07.29"]
[Round "9"]
[White "Li, Adam"]
[Black "Vasic, Maxim"]
[Result "0-1"]
[WhiteElo "1657"]
[BlackElo "2017"]
[PlyCount "58"]
[EventDate "2023.07.22"]
[EventType "swiss"]
[EventRounds "10"]
[EventCountry "CAN"]
[SourceTitle "EXT 2024"]
[Source "ChessBase"]
[SourceDate "2023.10.10"]
[SourceVersion "1"]
[SourceVersionDate "2023.10.10"]
[SourceQuality "1"]

1. e4 e5 2. Nf3 Nc6 3. Bc4 Bc5 4. c3 Nf6 5. d3 d6 6. Nbd2 0-0 7. h3 d5 8. Bb5 Qe7 9. Bxc6 bxc6 10. Qe2 Ba6 11. c4 Rfe8 12. 0-0 Nh5 13. Rd1 Nf4 14. Qf1 Rad8 15. g3 Ne6 16. a3 dxe4 17. dxe4 Ng5 18. b4 Nxf3+ 19. Nxf3 Bxc4 20. Bg5 Qe6 21. Qe1 Rxd1 22. Rxd1 Bb6 23. Kg2 f5 24. Qc3 fxe4 25. Nxe5 Bd5 26. Ng4 e3+ 27. f3 Bxf3+ 28. Kxf3 e2 29. Kf4 Qe4# 0-1

[Event "Canadian op"]
[Site "Calgary"]
[Date "2023.07.25"]
[Round "5"]
[White "Li, Adam"]
[Black "Xu, Leon"]
[Result "1-0"]
[WhiteElo "1657"]
[BlackElo "1285"]
[PlyCount "89"]
[EventDate "2023.07.22"]
[EventType "swiss"]
[EventRounds "10"]
[EventCountry "CAN"]
[SourceTitle "EXT 2024"]
[Source "ChessBase"]
[SourceDate "2023.10.10"]
[SourceVersion "1"]
[SourceVersionDate "2023.10.10"]
[SourceQuality "1"]

1. e4 e5 2. Nf3 Nc6 3. Bc4 Bc5 4. c3 Nf6 5. d3 d6 6. Nbd2 0-0 7. h3 h6 8. Qe2 a6 9. Bb3 Kh8 10. Nf1 Ba7 11. g4 Nh7 12. Rg1 Be6 13. g5 Bxb3 14. axb3 h5 15. g6 fxg6 16. Rxg6 Qe8 17. Rg2 Qe6 18. Nh4 Ne7 19. Qxh5 Qf7 20. Qxf7 Rxf7 21. Ne3 Raf8 22. Nef5 Nxf5 23. Nxf5 Nf6 24. Ke2 Kh7 25. Be3 Bxe3 26. fxe3 d5 27. Rag1 Rg8 28. exd5 Nxd5 29. Rg4 g5 30. Rxg5 Rxg5 31. Rxg5 Nb6 32. e4 Nd7 33. b4 c5 34. h4 cxb4 35. Rh5+ Kg8 36. Nh6+ Kg7 37. Nxf7 bxc3 38. bxc3 Kxf7 39. Rh7+ Ke6 40. d4 exd4 41. cxd4 a5 42. d5+ Kd6 43. Rxd7+ Kxd7 44. h5 a4 45. h6 1-0

[Event "Ontario-ch U20 U1800"]
[Site "Mississauga"]
[Date "2019.01.12"]
[Round "1.15"]
[White "Li, Adam"]
[Black "Yang, Matthew"]
[Result "1-0"]
[WhiteElo "1659"]
[BlackElo "1475"]
[PlyCount "97"]
[EventDate "2019.01.12"]
[EventType "swiss"]
[EventRounds "5"]
[EventCountry "CAN"]
[SourceTitle "EXT 2022"]
[Source "ChessBase"]
[SourceDate "2021.10.06"]
[SourceVersion "1"]
[SourceVersionDate "2021.10.06"]
[SourceQuality "1"]

1. e4 c5 2. Nf3 e6 3. c3 Nc6 4. d4 cxd4 5. cxd4 Nf6 6. Nc3 Bb4 7. e5 Nd5 8. Bd2 0-0 9. Nxd5 Bxd2+ 10. Qxd2 exd5 11. Be2 d6 12. exd6 Qxd6 13. 0-0 Bf5 14. Rac1 Rac8 15. Bd3 Bxd3 16. Qxd3 Rfe8 17. Rfe1 Qf4 18. g3 Qf6 19. Kg2 Re6 20. Qb3 Rxe1 21. Rxe1 Rd8 22. Qxb7 Nxd4 23. Qxd5 Nxf3 24. Qxf3 Qxb2 25. Qc6 g6 26. a4 Qb4 27. Re3 Qb6 28. Qe4 Qd6 29. h4 Qd5 30. Qxd5 Rxd5 31. Re4 Kg7 32. Kf3 a6 33. Ke3 f6 34. f3 Re5 35. Kd4 g5 36. Rxe5 fxe5+ 37. Kxe5 gxh4 38. gxh4 Kg6 39. f4 h6 40. Ke6 Kg7 41. h5 Kf8 42. f5 a5 43. Kf6 Kg8 44. Ke7 Kg7 45. f6+ Kh8 46. f7 Kh7 47. Kf6 Kh8 48. f8Q+ Kh7 49. Qg7# 1-0

[Event "CAN-ch U10"]
[Site "Quebec"]
[Date "2018.07.03"]
[Round "4.108"]
[White "Ma, Andrew"]
[Black "Li, Adam"]
[Result "1/2-1/2"]
[WhiteElo "1575"]
[BlackElo "1388"]
[PlyCount "77"]
[EventDate "2018.07.02"]
[EventType "swiss"]
[EventRounds "7"]
[EventCountry "CAN"]
[SourceTitle "EXT 2022"]
[Source "ChessBase"]
[SourceDate "2021.10.06"]
[SourceVersion "1"]
[SourceVersionDate "2021.10.06"]
[SourceQuality "1"]

1. e4 e5 2. Nf3 Nc6 3. Bb5 a6 4. Ba4 Nf6 5. d3 Bc5 6. 0-0 0-0 7. a3 b5 8. Bb3 d6 9. h3 Be6 10. Ba2 Qd7 11. Be3 Bxe3 12. fxe3 Bxh3 13. gxh3 Qxh3 14. Qe2 Ng4 15. Bd5 Qg3+ 16. Kh1 Rae8 17. Bxc6 Re6 18. Qg2 Rh6+ 19. Kg1 Qxg2+ 20. Kxg2 Nxe3+ 21. Kf2 Nxf1 22. Kxf1 Rh1+ 23. Ng1 Rh2 24. Ne2 f5 25. Bd5+ Kh8 26. Ke1 f4 27. Nd2 f3 28. Ng3 h5 29. Ngf1 Rg2 30. Be6 g5 31. Bf5 g4 32. Kd1 Kg7 33. Ne3 Rg1+ 34. Ndf1 g3 35. Ke1 h4 36. Rd1 g2 37. Kf2 gxf1N 38. Rxf1 Rxf1+ 39. Nxf1 1/2-1/2

[Event "CAN-ch U08"]
[Site "Windsor"]
[Date "2016.07.07"]
[Round "5.118"]
[White "Li, Adam"]
[Black "Wang, Daniel1111"]
[Result "0-1"]
[WhiteElo "414"]
[BlackElo "1144"]
[PlyCount "162"]
[EventDate "2016.07.05"]
[EventType "swiss"]
[EventRounds "7"]
[EventCountry "CAN"]
[SourceTitle "EXT 2022"]
[Source "ChessBase"]
[SourceDate "2021.10.06"]
[SourceVersion "1"]
[SourceVersionDate "2021.10.06"]
[SourceQuality "1"]

1. e4 c5 2. Nf3 g6 3. d4 cxd4 4. Nxd4 Nc6 5. Nxc6 bxc6 6. c4 Bg7 7. Nc3 d6 8. Qc2 Nf6 9. Bg5 0-0 10. Bd3 Rb8 11. 0-0 h6 12. Be3 c5 13. Rfd1 Qc7 14. Rac1 Bb7 15. Nd5 Nxd5 16. exd5 Bc8 17. b3 e6 18. Qd2 exd5 19. cxd5 Bb7 20. Be4 Ba6 21. Bxh6 Rfe8 22. Bf3 Be5 23. g3 Kh7 24. Bg2 Rh8 25. Bf1 Bxf1 26. Rxf1 Qd7 27. f4 Bd4+ 28. Kg2 Kxh6 29. f5+ Kg7 30. Qg5 Qd8 31. Qg4 Rb4 32. Rf4 Be3 33. Rxb4 cxb4 34. Rf1 Qa5 35. f6+ Kh7 36. Qh3+ Bh6 37. Kg1 Qxd5 38. Rf4 Re8 39. Rf1 Qe6 40. Qh4 Qe3+ 41. Rf2 Qe4 42. g4 g5 43. Qh5 Qg6 44. Qh3 Re1+ 45. Rf1 Rxf1+ 46. Qxf1 Qc2 47. Qa6 Qc7 48. Qd3+ Kg8 49. Qe4 Qa5 50. Qe8+ Bf8 51. Qe3 Qc5 52. Qxc5 dxc5 53. Kf2 Kh7 54. Ke3 Kg6 55. Ke4 Kxf6 56. Kd5 Kg6 57. Ke5 f6+ 58. Ke6 a5 59. h3 Kg7 60. Kd7 Kf7 61. Kc6 Ke6 62. Kb5 f5 63. gxf5+ Kxf5 64. Kxa5 Kf4 65. Kb5 Kg3 66. Kc4 Kxh3 67. Kd3 g4 68. Ke2 Kh2 69. a4 bxa3 70. b4 g3 71. b5 g2 72. b6 g1Q 73. b7 Bd6 74. Kd3 a2 75. Kc4 a1Q 76. Kd5 Qg2+ 77. Kxd6 Qxb7 78. Kxc5 Qa5+ 79. Kc4 Qe4+ 80. Kb3 Qab4+ 81. Ka2 Qeb1# 0-1

[Event "CAN-ch U08"]
[Site "Windsor"]
[Date "2016.07.06"]
[Round "2.120"]
[White "Li, Adam"]
[Black "Qin, Vincent"]
[Result "1-0"]
[WhiteElo "414"]
[BlackElo "1168"]
[PlyCount "83"]
[EventDate "2016.07.05"]
[EventType "swiss"]
[EventRounds "7"]
[EventCountry "CAN"]
[SourceTitle "EXT 2022"]
[Source "ChessBase"]
[SourceDate "2021.10.06"]
[SourceVersion "1"]
[SourceVersionDate "2021.10.06"]
[SourceQuality "1"]

1. e4 e5 2. Nf3 Nc6 3. Bc4 h6 4. c3 Nf6 5. 0-0 Bc5 6. d4 exd4 7. cxd4 Bb6 8. Nc3 Ba5 9. Re1 0-0 10. e5 Bxc3 11. bxc3 Ne8 12. Qa4 d5 13. Bd3 Bd7 14. Ba3 Nxe5 15. Qc2 Nxd3 16. Qxd3 Nd6 17. Ne5 Bf5 18. Qg3 Ne4 19. Qf3 Nd6 20. Qh5 Re8 21. Bxd6 cxd6 22. Qxf7+ Kh8 23. Qxf5 dxe5 24. Rxe5 Qc7 25. Qh5 Rxe5 26. dxe5 Qxc3 27. Rd1 Qb4 28. h3 d4 29. e6 Qd6 30. Qf7 Rf8 31. Qd7 Rd8 32. Qf7 Rf8 33. Rxd4 Qb8 34. e7 Rc8 35. Rc4 Re8 36. Rc7 Rg8 37. Rc5 b6 38. Rc6 Qa8 39. Re6 Qe8 40. Qf4 Qd7 41. Rxh6+ gxh6 42. Qxh6# 1-0